Quizzes
Events
Quiz Creation
Community
Videos
Private Events
Remove Ads
Sign In
Join for FREE
Feedback
Dark Mode
Quiz Categories
Sports
Geography
Music
Movies
Television
Just For Fun
Miscellaneous
History
Literature
Language
Science
Gaming
Entertainment
Religion
Holiday
For Kids
Quiz Lab
Recent
Popular Today
Quiz Kudos Today
Editor Picks
Curator Picks
Quizzes by...
Day
Popularity
Type
Ratings
Length
Year
Community
Subscriptions
Recent Discussions
Orange Saloon
Badges
Playlists
Quests
Create
Leaderboards
Showdown
Live 5
Trivia Bingo
Activity
Puzzle Library
Sporcle Events
Private Events
Virtual Trivia
Globe League
Become a Host
Pub Owners
SporcleCon
Opinionation
Our Games
Videos
Blog
Mobile Apps
Partnerships
Remove Ads and Go Orange
Feedback
Sports
Athletes
MLB
NBA
NHL
NFL
Soccer
Sports Teams
WWE
NCAA
Football
Premier League
Basketball
Baseball
Hockey
Golf
Tennis
Cricket
Rugby
Auto Racing
Olympics
World Cup
Sports
Athletes
MLB
NBA
NHL
NFL
Soccer
Sports Teams
WWE
NCAA
Football
Premier League
Basketball
Baseball
Hockey
Golf
Tennis
Cricket
Rugby
Auto Racing
Olympics
World Cup
Random Quiz
Search Sporcle
×
Quiz Lab
Quiz Lab
Sports
Miami Marlins
Type in answers that appear in a list
Type in answers that appear in a list
Classic
Best Score? Go Orange.
Pitching Rotations: Marlins Stats
Can you name the pitching rotations of the Marlins from 1993-2010?
By
RaysRule2010
10m
101 Questions
82 Plays
82 Plays
82 Plays
Comments
Comments
Give Quiz Kudos
Give Quiz Kudos
-
- Ratings
hide this ad
More Info
Replay
Link that replays current quiz
Next Quiz
Link to next quiz in quiz playlist
You Got
0%
They Got
Avg Score
46%
Avg Friend Score
Upgrade to see
Score Distribution
Jump to the score distribution portion of the page
Score
0/101
Timer
10:00
0
Plays Today
Record, ERA
Pitcher
% Correct
2006
Josh Johnson
97.6%
2008
Josh Johnson
97.6%
2009
Josh Johnson
97.6%
2010
Josh Johnson
97.6%
2002
Josh Beckett
95.1%
2003
Josh Beckett
95.1%
2004
Josh Beckett
95.1%
2005
Josh Beckett
95.1%
2003
Dontrelle Willis
92.7%
2004
Dontrelle Willis
92.7%
2005
Dontrelle Willis
92.7%
2006
Dontrelle Willis
92.7%
2007
Dontrelle Willis
92.7%
2000
AJ Burnett
80.5%
2001
AJ Burnett
80.5%
2002
AJ Burnett
80.5%
2004
AJ Burnett
80.5%
2005
AJ Burnett
80.5%
1996
Kevin Brown
79.3%
1997
Kevin Brown
79.3%
1997
Livan Hernandez
76.8%
1998
Livan Hernandez
76.8%
1999
Livan Hernandez
76.8%
1996
Al Leiter
73.2%
1997
Al Leiter
73.2%
2005
Al Leiter
73.2%
2006
Ricky Nolasco
67.1%
2008
Ricky Nolasco
67.1%
2009
Ricky Nolasco
67.1%
2010
Ricky Nolasco
67.1%
1998
Jesus Sanchez
65.9%
2000
Jesus Sanchez
65.9%
2003
Carl Pavano
65.9%
2004
Carl Pavano
65.9%
Record, ERA
Pitcher
% Correct
2006
Anibal Sanchez
65.9%
2009
Anibal Sanchez
65.9%
2010
Anibal Sanchez
65.9%
2000
Brad Penny
58.5%
2001
Brad Penny
58.5%
2002
Brad Penny
58.5%
2003
Brad Penny
58.5%
2004
Brad Penny
58.5%
1993
Charlie Hough
53.7%
1994
Charlie Hough
53.7%
1997
Alex Fernandez
53.7%
1999
Alex Fernandez
53.7%
1998
Ryan Dempster
48.8%
1999
Ryan Dempster
48.8%
2000
Ryan Dempster
48.8%
2001
Ryan Dempster
48.8%
2002
Ryan Dempster
48.8%
2000
Chuck Smith
45.1%
2001
Chuck Smith
45.1%
2008
Andrew Miller
34.1%
2009
Andrew Miller
34.1%
2008
Chris Volstad
31.7%
2009
Chris Volstad
31.7%
2010
Chris Volstad
31.7%
1993
Pat Rapp
28%
1994
Pat Rapp
28%
1995
John Burkett
28%
1995
Pat Rapp
28%
1996
Pat Rapp
28%
1996
John Burkett
28%
1997
Pat Rapp
28%
2006
Scott Olsen
23.2%
2007
Scott Olsen
23.2%
2008
Scott Olsen
23.2%
Record, ERA
Pitcher
% Correct
1993
Chris Hammond
22%
1995
Chris Hammond
22%
1994
Chris Hammond
22%
1997
Tony Saunders
19.5%
2001
Matt Clement
19.5%
2003
Mark Redman
19.5%
2008
Mark Hendrickson
18.3%
2007
Sergio Mitre
15.9%
1993
Jack Armstrong
14.6%
2010
Nate Robertson
14.6%
2004
Ismael Valdez
13.4%
2007
Rick Vanden Hurk
13.4%
1998
Brian Meadows
12.2%
1999
Brian Meadows
12.2%
2005
Brian Moehler
12.2%
2006
Brian Moehler
12.2%
1994
David Weathers
11%
1995
David Weathers
11%
2002
Julian Tavarez
11%
2005
Jason Vargas
11%
1995
Bobby Witt
9.8%
1999
Vladimir Nunez
9.8%
2010
Alex Sanabia
9.8%
1993
Ryan Bowen
8.5%
1994
Ryan Bowen
8.5%
1999
Dennis Springer
8.5%
2009
Sean West
8.5%
1994
Mark Gardner
7.3%
1998
Rafael Medina
7.3%
2000
Reid Cornelius
7.3%
2007
Byung-Hyun Kim
7.3%
1995
Willie Banks
6.1%
1998
Andy Larkin
6.1%
Quiz Playlist
Details
Report
Send in Message
Add To Playlist
More Info:
Inspired mainly by Sporcle users: lineupquizzes and tk925 for their opening day lineup quizzes.
Classic:
Type in answers that appear in a list
Quiz Source
Last Updated: Feb 16, 2017
Quiz Scoreboard
CHALLENGE
Sign Up to Join the Scoreboard
Show All
Scores
Hide
Comments
May contain spoilers
Recently Published
Billboard Blitz: Fleetwood Mac
by CooCooCachoo
Music
15s
Presidents Visiting Landmarks
by Hejman
History
7m
An Introduction to Baseball
by treessimontrees
Sports
5m
More to Explore
Quiz From the Vault
Featured Blog Post
Where Did the Easter Bunny Come From?
hide this ad
You Might Also Like...
Tags
Era
Miami Marlins
Pitchers
Pitching
record
rotation
Today's Top Quizzes in Sports
Browse Sports
hide this ad
Today's Top Quizzes in Miami Marlins
Browse Miami Marlins
Top Contributed Quizzes in Sports
1
Les meilleurs buteurs des matchs entre le PSG et l’OM
2
2022 World Cup Stars
3
FIFA Club World Cup Champions
4
Les entraîneurs de l'OM et du PSG au 21e siècle
5
Criteria MLB: Left Handed Sluggers
6
Name the Premier League winners with different clubs
7
5-to-1: UK Sports Teams
8
AFC Teams Reveal (Wrong Answers Minefield)
9
Players with Multiple 50 Home Run Seasons
10
5-to-1: FBS Animal Nicknames
Explore More
Trending Topics
Kpop
Anime
NBA
Crossword
Disney
Marvel
Harry Potter
NFL
The Office
WWE
Pokémon
Puzzle
Song
Country
Soccer
hide this ad
More By:
RaysRule2010
Quiz
Plays
Rating
Category
Featured
Created
Sports Logos II
317,052
4.02
Sports
Feb 5, 2011
Safe Cracker: Sports
282,018
2.50
Sports
Jan 13, 2011
Baby Names: Per Letter (2000s)
89,950
3.89
Miscellaneous
Dec 13, 2010
'S' Country per Second Letter
78,383
4.56
Geography
Feb 7, 2011
Cleveland Cavaliers All-Time Leaders
77,096
4.45
Sports
Feb 19, 2014
Go to Creator's Profile
Score Distribution
Quiz Creator Spotlight
RaysRule2010
Follow
Send a Message
Quizzes Created
-
Created Quiz Play Count
-
More By This Creator
Popular Quizzes Today
1
Find the US States - No Outlines Minefield
2
Find the Countries of Europe - No Outlines Minefield
3
The Countries of the World
4
Find the US States
5
Risky Map Clicking: Biggest States A-Z
6
US States
7
Popular People in 1961
8
Movies - When Are They Set?
More Sports Quizzes
MLB All Star MVPs
Published
Trending Quizzes
Risky Map Clicking: Least Populous States A-Z
1-10 Letter G Words
1-10 Letter F Words
Risky Map Clicking: Next State Alphabetically
Risky Map Clicking: Biggest States A-Z
Recently Updated
Leaping Animals
pecheneg
Reality TV Shows (A-Z)
bhenderson79
Rickey Henderson's Hall of Fame Teammates
pecheneg
Champions League XIs: Arsenal
pecheneg
Quick Pick: Celebrities in WWE's Hall of Fame
aduchscher
A-Z Keypad Blitz II
pecheneg
Multiple Oscar Actors
pecheneg
Mystery Phrase Blitz: Oscar 'Best Actors'
pecheneg
F. Scott Fitzgerald Novels
LTH
Pick 3 Villains
ddd62291
Trending Topics
Harry Potter
NBA
Disney
Anime
Kpop
Marvel
Crossword
Pokémon
NFL
Puzzle
WWE
Song
Soccer
The Office
Country
Your Account Isn't Verified!
In order to create a playlist on Sporcle, you need to verify the email address you used during registration. Go to your
Sporcle Settings
to finish the process.
Report this User
Report this user for behavior that violates our
Community Guidelines
.
Details:
Send Report
Go to the Sporcle.com Mobile Site →
Comments